|
|
|
|
| LEADER |
00000nab a2200000ua 4500 |
| 001 |
vtls010783976 |
| 003 |
SK-MaSNL |
| 005 |
20260225191408.0 |
| 008 |
230131s1963 xo |||||||||||||||||slo| |
| 035 |
|
|
|a (urnnbn)urn:nbn:sk:snk:ar-a000yz
|
| 035 |
|
|
|a (uuid)334e5cb8-19f6-4d83-9ae4-f8a8e1de5559
|
| 035 |
|
|
|a urn:nbn:sk:snk-ab4ywa
|
| 040 |
|
|
|a SNKBUCL
|b slo
|c SNKBUCL
|e AACR2
|
| 041 |
0 |
|
|a slo
|
| 044 |
|
|
|a xo
|c SK
|
| 245 |
0 |
0 |
|a Možnosti využívania materskej kašičky
|
| 773 |
0 |
|
|t Včelár : odborný časopis Povereníctva poľnohospodárstva a lesného hospodárstva a Ústredia včelárskych združení na Slovensku
|g Roč. 37, č. 9 (1963), s. 195
|
| 954 |
|
|
|a odborná, vedecká literatúra pôvodná (slovenská)
|2 lita
|
| 958 |
|
|
|a OND
|
| 958 |
|
|
|a EUIPO
|
| 958 |
|
|
|a article3
|
| 999 |
|
|
|c 1908103
|d 1910033
|